| 000 | 00597nam a2200217Ia 4500 | ||
|---|---|---|---|
| 008 | 180523s9999 xx 000 0 und d | ||
| 020 | _a978-81-8356-927-9 | ||
| 050 | _aMAIN TX 911.3 | ||
| 050 | _b.B76 2011 | ||
| 100 | _aBrown, Nancy. | ||
| 245 | 0 | _aManagement of hospitality organization / | |
| 245 | 0 | _cNancy Brown. | |
| 260 | _aNew Delhi : | ||
| 260 | _bDiscovery Publishing, | ||
| 260 | _c2011 | ||
| 300 | _a264 pages : | ||
| 300 | _c22 cm. | ||
| 500 | _aIncludes bibliographical references and index. | ||
| 650 | _aManagement. | ||
| 650 | _xHospitality industry -- Management. | ||
| 999 |
_c357744 _d357744 |
||